000 00608nam a22002177a 4500
003 UA-OsUOA
001 56357
007 ta
008 20081017b un ||||| |||| 00| 0 ukr d
100 _aЛібанова Е.
090 _a330(477)
_bЛ67
942 _cSA
040 _aUA-OsUOA
_bukr
_cUA-OsUOA
_dUA-OsUOA
245 _aЦіннісні орієнтації та соціальні реалії українського суспільства
300 _aС.120-137
955 _a0
041 _aukr
080 _a330(477)
773 0 _w56351
650 7 _a330 Економіка взагалі
_2UDC
999 _c342446
_d342446